Half-Life Chapters Quiz - Statistics

General Stats
  • This quiz has been taken 39 times
  • The average score is 14 of 19
Answer Stats
Answer % Correct
Xen
94%
“Forget About Freeman!”
91%
Interloper
85%
Office Complex
85%
Questionable Ethics
85%
Surface Tension
85%
On A Rail
82%
Black Mesa Inbound
79%
Nihilanth
79%
Lambda Core
76%
Blast Pit
73%
Gonarch’s Lair
73%
Power Up
70%
“We’ve Got Hostiles”
70%
Residue Processing
64%
Unforeseen Consequences
64%
Anomalous Materials
61%
Apprehension
58%
Endgame
42%
No matching quizzes found
Score Distribution
Percent of People with Each Score
Percentile by Number Answered
Your Score History
You have not taken this quiz